00478nam a2200169Ia 450000500170000000800410001704100080005808200150006610000140008124500680009526000270016330000090019050000380019950000290023765000280026670000140029420251118112716.0230125s9999 xx 000 0 und d aeng a158.1bOGI aKeats D M aInterviewing : a practicle guide for students and professionals c2002bViva publication a172p aInterview,Personality development aPersonality Development, aPersonality Development aKeats D M